Statistiques concernant Les 100 meilleures villes étudiantes au monde en 2017

Cliquez ici pour prendre le quiz!

Statistiques générales

  • Ce quiz a été pris 513 fois
  • Le résultat moyen est 58 sur 100

Statistiques - réponses

PaysVille% Correct
2FranceParis
100%
3Royaume-UniLondres
98%
6AllemagneBerlin
96%
7JaponTokyo
95%
4Corée du SudSéoul
94%
1CanadaMontréal
93%
19États-UnisNew York
93%
30ChinePékin
92%
32EspagneMadrid
91%
13AustralieSydney
91%
23EspagneBarcelone
90%
66ItalieRome
90%
47États-UnisLos Angeles
88%
35FranceLyon
88%
40RussieMoscou
87%
16AutricheVienne
85%
24Royaume-UniManchester
84%
51MexiqueMexico
83%
9AllemagneMunich
83%
14SingapourSingapour
83%
54NorvègeOslo
82%
27TchéquiePrague
82%
36Pays-BasAmsterdam
81%
31IrlandeDublin
81%
48SuèdeStockholm
81%
12CanadaToronto
81%
33ItalieMilan
80%
45BelgiqueBruxelles
79%
61FinlandeHelsinki
78%
17JaponKyoto / Osaka / Kobe
78%
5AustralieMelbourne
76%
15SuisseZurich
76%
49PortugalLisbonne
75%
52PologneVarsovie
75%
46États-UnisChicago
74%
26CanadaOttawa
74%
25ChineShanghai
74%
42ArgentineBuenos Aires
73%
37DanemarkCopenhague
73%
56HongrieBudapest
71%
94BrésilRio de Janeiro
71%
8États-UnisBoston
70%
38États-UnisWashington
70%
67GrèceAthènes
69%
29États-UnisSan Francisco
68%
21TaïwanTaipei
68%
10CanadaVancouver
68%
22AustralieCanberra
66%
98FranceLille
65%
68FranceToulouse
64%
63ChiliSantiago
63%
58ThaïlandeBangkok
61%
71TurquieIstanbul
61%
69BrésilSão Paulo
59%
11ChineHong Kong
57%
79RussieSaint-Pétersbourg
57%
28Nouvelle-ZélandeAuckland
55%
18Royaume-UniÉdimbourg
55%
34Royaume-UniGlasgow
55%
81TurquieAnkara
54%
55Royaume-UniBirmingham
54%
50AustraliePerth
54%
88ÉgypteLe Caire
52%
73ColombieBogota
51%
41MalaisieKuala Lumpur
51%
64Arabie saouditeRiyad
50%
70EspagneValence
50%
72CanadaQuébec
49%
99PérouLima
48%
86IndeNew Delhi
48%
92États-UnisHouston
46%
85IndeBombay
44%
60États-UnisPhiladelphie
44%
97UkraineKiev
43%
20AustralieBrisbane
40%
89PhilippinesManille
38%
84Afrique du SudJohannesbourg
37%
90FranceMontpellier
36%
44AustralieAdélaïde
34%
65États-UnisAtlanta
33%
53SuèdeGöteborg
30%
96LituanieVilnius
30%
57Royaume-UniNewcastle
28%
83États-UnisSan Diego
27%
59TchéquieBrno
19%
100ChineWuhan
18%
76MexiqueMonterrey
16%
87États-UnisBaltimore
15%
74Nouvelle-ZélandeChristchurch
15%
43Royaume-UniNottingham
12%
39Royaume-UniCoventry
7%
78AustralieGold Coast
6%
95FinlandeTampere
6%
80ChineNankin
5%
93RussieNovossibirsk
4%
77Émirats arabes unisCharjah
3%
82Corée du SudDaejeon
3%
62États-UnisPittsburgh
3%
91RussieTomsk
3%
75TaïwanHsinchu
2%

Distribution des résultats

Percentile par nombre de réponses

% des personnes avec chaque résultat

Votre développement - résultats

Vous n’avez pas pris ce quiz